| 000 | 00486pab a2200169 454500 | ||
|---|---|---|---|
| 008 | 180718b2006 xxu||||| |||| 00| 0 eng d | ||
| 100 | _aWernstedt, Kris | ||
| 245 | _aAttracting private investment to contaminated properties: the value of public interventions | ||
| 260 | _c2006 | ||
| 300 | _ap.347-69. | ||
| 362 | _aSpring | ||
| 650 | _aInvestment | ||
| 700 | _aAlberini, Anna | ||
| 700 | _aMeyer Peter B. | ||
| 773 | _aJournal of Policy Analysis and Management | ||
| 909 | _a70971 | ||
| 999 |
_c70971 _d70971 |
||